| 000 | 01536nam0a2200385 4500 | ||
|---|---|---|---|
| 001 | RU\NLR\BIBL_A\012673746 | ||
| 005 | 20260406161309.0 | ||
| 010 |
_a978-5-17-138351-0 _92000 |
||
| 021 |
_aRU _b2021-57835 _9КН-П-4513 |
||
| 035 | _a(NLR Aleph) 012673746 | ||
| 090 |
_a12793121 _c12793121 |
||
| 100 | _a20211222d2021 |||y0rusy50 ca | ||
| 101 | 0 | _arus | |
| 102 | _aRU | ||
| 105 | _ay|||z||||||z| | ||
| 181 | 0 |
_ai _baxxe |
|
| 182 | 0 | _an | |
| 200 | 1 |
_aЧингиз-хан и Чингизиды _eсудьба и власть _fТурсун Султанов |
|
| 203 |
_aТекст _bвизуальный _cнепосредственный |
||
| 210 |
_aМосква _cВремена _cАСТ _d2021 |
||
| 215 |
_a443, [2] с. _d21 |
||
| 225 | 1 |
_aКлассика исторической литературы _eлучшее |
|
| 320 | _aБиблиогр.: с. 355-369 | ||
| 320 | _aАннот. список имен / сост. Р.Ю. Почекаев: с. 370-443 | ||
| 600 | 0 |
_aЧингисхан _f1155 - 1227 _92093262 _3RU\NLR\AUTH\661266778 |
|
| 602 |
_aЧингизиды (династия) _92473343 _3RU\NLR\AUTH\661468771 |
||
| 686 | 1 | _aТ214(5Мо)0-1 | |
| 686 | 1 | _aТ3(5Мо)41-8 | |
| 686 | 1 | _aЦ35(0)42-424дЧингисхан | |
| 700 | 1 |
_8rus _7ca _aСултанов _bТ. И. _gТурсун Икрамович _3RU\NLR\AUTH\7786213 _969141 |
|
| 702 | 0 |
_4570 _8rus _7ca _aЧингисхан _fок.1155-1227 _3RU\NLR\AUTH\778728 _9118620 |
|
| 942 | _cBOOK | ||
| 980 | _aNB | ||